[Event "Elite Hotels Open 2025"]
[Site "Elite Stadshotellet, Växjö, Sweden"]
[Date "2025.02.07"]
[Round "2.4"]
[White "Franzen, Per-Erik"]
[Black "Sorensen, Hampus"]
[Result "1/2-1/2"]
[TimeControl "R1-4: 15 min + 5 sek, R5-8: 90 min + 30 sek"]
[BlackTitle "IM"]
[WhiteElo "2004"]
[BlackElo "2430"]

1. d4 {[%clk 00:15:07]} {[%emt 00:00:03]} Nf6 {[%clk 00:15:05]} {[%emt
00:00:07]} 2. Nf3 {[%clk 00:15:09]} {[%emt 00:00:02]} d5 {[%clk 00:15:02]}
{[%emt 00:00:08]} 3. c4 {[%clk 00:15:10]} {[%emt 00:00:04]} e6 {[%clk
00:15:04]} {[%emt 00:00:03]} 4. Nc3 {[%clk 00:15:12]} {[%emt 00:00:03]} c6
{[%clk 00:14:54]} {[%emt 00:00:15]} 5. e3 {[%clk 00:15:08]} {[%emt 00:00:10]}
a6 {[%clk 00:14:54]} {[%emt 00:00:05]} 6. cxd5 {[%clk 00:14:32]} {[%emt
00:00:41]} exd5 {[%clk 00:14:53]} {[%emt 00:00:06]} 7. Qc2 {[%clk 00:14:25]}
{[%emt 00:00:11]} Bd6 {[%clk 00:13:57]} {[%emt 00:01:01]} 8. Bd2 {[%clk
00:13:25]} {[%emt 00:01:05]} O-O {[%clk 00:13:56]} {[%emt 00:00:06]} 9. Bd3
{[%clk 00:13:04]} {[%emt 00:00:26]} Re8 {[%clk 00:13:43]} {[%emt 00:00:18]} 10.
O-O-O {[%clk 00:12:18]} {[%emt 00:00:51]} Be6 {[%clk 00:10:47]} {[%emt
00:03:02]} 11. Ng5 {[%clk 00:09:43]} {[%emt 00:02:39]} h6 {[%clk 00:10:48]}
{[%emt 00:00:03]} 12. Nxe6 {[%clk 00:09:17]} {[%emt 00:00:32]} Rxe6 {[%clk
00:10:51]} {[%emt 00:00:02]} 13. e4 {[%clk 00:07:25]} {[%emt 00:01:58]} dxe4
{[%clk 00:10:47]} {[%emt 00:00:10]} 14. Nxe4 {[%clk 00:07:29]} Nxe4 {[%clk
00:10:48]} {[%emt 00:00:04]} 15. Bxe4 {[%clk 00:07:32]} {[%emt 00:00:02]} Nd7
{[%clk 00:10:31]} {[%emt 00:00:22]} 16. Kb1 {[%clk 00:07:15]} {[%emt 00:00:22]}
Nf6 {[%clk 00:10:23]} {[%emt 00:00:13]} 17. Bf3 {[%clk 00:06:46]} {[%emt
00:00:34]} Nd5 {[%clk 00:09:03]} {[%emt 00:01:25]} 18. Rhe1 {[%clk 00:06:16]}
{[%emt 00:00:34]} Rxe1 {[%clk 00:08:59]} {[%emt 00:00:09]} 19. Rxe1 {[%clk
00:06:18]} {[%emt 00:00:04]} Qd7 {[%clk 00:08:53]} {[%emt 00:00:11]} 20. Qe4
{[%clk 00:05:35]} {[%emt 00:00:47]} Nf6 {[%clk 00:08:37]} {[%emt 00:00:22]} 21.
Qh4 {[%clk 00:05:31]} {[%emt 00:00:09]} Rd8 {[%clk 00:07:02]} {[%emt 00:01:39]}
22. g4 {[%clk 00:04:41]} {[%emt 00:00:56]} Be7 {[%clk 00:06:19]} {[%emt
00:00:48]} 23. Qg3 {[%clk 00:02:10]} {[%emt 00:02:36]} Nd5 {[%clk 00:03:53]}
{[%emt 00:02:30]} 24. h4 {[%clk 00:01:47]} {[%emt 00:00:29]} Bd6 {[%clk
00:03:54]} {[%emt 00:00:04]} 25. Qg2 {[%clk 00:01:39]} {[%emt 00:00:12]} Bf4
{[%clk 00:03:42]} {[%emt 00:00:17]} 26. Be3 {[%clk 00:01:26]} {[%emt 00:00:19]}
Re8 {[%clk 00:03:14]} {[%emt 00:00:33]} 27. Bxd5 {[%clk 00:01:24]} {[%emt
00:00:07]} cxd5 {[%clk 00:03:18]} {[%emt 00:00:01]} 28. Qf3 {[%clk 00:01:19]}
{[%emt 00:00:10]} Bc7 {[%clk 00:03:00]} {[%emt 00:00:24]} 29. g5 {[%clk
00:01:09]} {[%emt 00:00:15]} hxg5 {[%clk 00:02:23]} {[%emt 00:00:41]} 30. hxg5
{[%clk 00:01:12]} {[%emt 00:00:02]} Re4 {[%clk 00:00:48]} {[%emt 00:01:40]} 31.
Rh1 {[%clk 00:00:44]} {[%emt 00:00:33]} Qg4 {[%clk 00:00:50]} {[%emt 00:00:03]}
32. Qxg4 {[%clk 00:00:36]} {[%emt 00:00:13]} Rxg4 {[%clk 00:00:54]} 33. Rc1
{[%clk 00:00:39]} {[%emt 00:00:02]} Bb6 {[%clk 00:00:27]} {[%emt 00:00:32]} 34.
Rc8+ {[%clk 00:00:41]} {[%emt 00:00:02]} Kh7 {[%clk 00:00:31]} 35. Rb8 {[%clk
00:00:36]} {[%emt 00:00:10]} Bxd4 {[%clk 00:00:35]} {[%emt 00:00:01]} 36. Bxd4
{[%clk 00:00:37]} {[%emt 00:00:05]} Rxd4 {[%clk 00:00:38]} {[%emt 00:00:02]} 37.
Rxb7 {[%clk 00:00:41]} Kg6 {[%clk 00:00:15]} {[%emt 00:00:28]} 38. Rb6+ {[%clk
00:00:31]} {[%emt 00:00:15]} Kxg5 39. Rxa6 {[%clk 00:00:36]} f5 {[%clk
00:00:21]} {[%emt 00:00:03]} 40. a4 {[%clk 00:00:28]} {[%emt 00:00:13]} f4
{[%clk 00:00:15]} {[%emt 00:00:11]} 41. a5 {[%clk 00:00:29]} {[%emt 00:00:04]}
Kg4 {[%clk 00:00:13]} {[%emt 00:00:06]} 42. Rg6+ {[%clk 00:00:29]} {[%emt
00:00:06]} Kf3 {[%clk 00:00:17]} 43. Rxg7 {[%clk 00:00:31]} {[%emt 00:00:02]}
Kxf2 {[%clk 00:00:21]} {[%emt 00:00:02]} 44. a6 {[%clk 00:00:36]} f3 {[%clk
00:00:13]} {[%emt 00:00:12]} 45. a7 {[%clk 00:00:39]} {[%emt 00:00:02]} Ra4
{[%clk 00:00:17]} 46. Kc2 {[%clk 00:00:28]} {[%emt 00:00:15]} Ke2 {[%clk
00:00:14]} {[%emt 00:00:09]} 47. Re7 {[%clk 00:00:28]} {[%emt 00:00:05]} Kf1
{[%clk 00:00:17]} 48. Kd3 {[%clk 00:00:29]} {[%emt 00:00:05]} f2 {[%clk
00:00:17]} {[%emt 00:00:04]} 49. b4 {[%clk 00:00:30]} {[%emt 00:00:05]} Kg2
{[%clk 00:00:13]} {[%emt 00:00:08]} 50. Rg7+ {[%clk 00:00:32]} {[%emt
00:00:03]} Kf1 {[%clk 00:00:12]} {[%emt 00:00:06]} 51. b5 {[%clk 00:00:32]}
{[%emt 00:00:06]} Ra3+ {[%clk 00:00:08]} {[%emt 00:00:08]} 52. Kd4 {[%clk
00:00:30]} {[%emt 00:00:07]} Ke2 {[%clk 00:00:11]} {[%emt 00:00:02]} 53. Re7+
{[%clk 00:00:32]} {[%emt 00:00:03]} Kd1 {[%clk 00:00:07]} {[%emt 00:00:09]} 54.
Rf7 {[%clk 00:00:35]} {[%emt 00:00:03]} Rxa7 {[%clk 00:00:07]} {[%emt
00:00:06]} 55. Rxf2 {[%clk 00:00:34]} {[%emt 00:00:05]} Rb7 {[%clk 00:00:06]}
{[%emt 00:00:06]} 56. Kc5 {[%clk 00:00:36]} {[%emt 00:00:03]} d4 {[%clk
00:00:10]} 57. Kc6 {[%clk 00:00:40]} {[%emt 00:00:02]} Rh7 {[%clk 00:00:08]}
{[%emt 00:00:07]} 58. b6 {[%clk 00:00:42]} {[%emt 00:00:03]} d3 {[%clk
00:00:12]} {[%emt 00:00:01]} 59. b7 {[%clk 00:00:45]} {[%emt 00:00:02]} Rxb7
{[%clk 00:00:15]} {[%emt 00:00:02]} 60. Kxb7 {[%clk 00:00:48]} d2 {[%clk
00:00:19]} 61. Kc6 {[%clk 00:00:49]} {[%emt 00:00:04]} Ke1 {[%clk 00:00:23]} 62.
Rxd2 Kxd2 {[%clk 00:00:27]} 1/2-1/2

[Event "Elite Hotels Open 2025"]
[Site "Elite Stadshotellet, Växjö, Sweden"]
[Date "2025.02.07"]
[Round "2.5"]
[White "Falkevall, Axel"]
[Black "Eriksson, Kristian"]
[Result "1-0"]
[TimeControl "R1-4: 15 min + 5 sek, R5-8: 90 min + 30 sek"]
[WhiteTitle "FM"]
[WhiteElo "2401"]
[BlackElo "2011"]

1. d4 {[%clk 00:15:06]} {[%emt 00:00:04]} Nf6 {[%clk 00:15:07]} {[%emt
00:00:04]} 2. c4 {[%clk 00:15:10]} e6 {[%clk 00:15:09]} {[%emt 00:00:04]} 3.
Nf3 {[%clk 00:15:14]} Bb4+ {[%clk 00:15:09]} {[%emt 00:00:05]} 4. Nbd2 {[%clk
00:15:16]} {[%emt 00:00:03]} O-O {[%clk 00:14:59]} {[%emt 00:00:15]} 5. a3
{[%clk 00:15:18]} {[%emt 00:00:03]} Bxd2+ {[%clk 00:15:02]} {[%emt 00:00:02]} 6.
Bxd2 {[%clk 00:15:18]} {[%emt 00:00:05]} b6 {[%clk 00:14:56]} {[%emt 00:00:11]}
7. g3 {[%clk 00:14:51]} {[%emt 00:00:32]} Bb7 {[%clk 00:14:56]} {[%emt
00:00:05]} 8. Bg2 {[%clk 00:14:54]} {[%emt 00:00:02]} d6 {[%clk 00:14:45]}
{[%emt 00:00:16]} 9. O-O {[%clk 00:14:52]} {[%emt 00:00:06]} Nbd7 {[%clk
00:14:31]} {[%emt 00:00:19]} 10. Qc2 {[%clk 00:14:31]} {[%emt 00:00:27]} Be4
{[%clk 00:14:15]} {[%emt 00:00:20]} 11. Qa4 {[%clk 00:13:55]} {[%emt 00:00:41]}
Qe7 {[%clk 00:13:58]} {[%emt 00:00:22]} 12. Bc3 {[%clk 00:13:36]} {[%emt
00:00:24]} h6 {[%clk 00:13:26]} {[%emt 00:00:38]} 13. Rfd1 {[%clk 00:13:14]}
{[%emt 00:00:27]} d5 {[%clk 00:11:46]} {[%emt 00:01:45]} 14. Ne5 {[%clk
00:11:56]} {[%emt 00:01:23]} Bxg2 {[%clk 00:10:58]} {[%emt 00:00:53]} 15. Kxg2
{[%clk 00:11:51]} {[%emt 00:00:10]} Nxe5 {[%clk 00:09:53]} {[%emt 00:01:10]} 16.
dxe5 {[%clk 00:11:54]} {[%emt 00:00:01]} Ne4 {[%clk 00:09:55]} {[%emt
00:00:04]} 17. cxd5 {[%clk 00:10:49]} {[%emt 00:01:11]} exd5 {[%clk 00:08:57]}
{[%emt 00:01:03]} 18. Rxd5 {[%clk 00:10:40]} {[%emt 00:00:13]} Nxc3 {[%clk
00:08:47]} {[%emt 00:00:15]} 19. bxc3 {[%clk 00:10:44]} {[%emt 00:00:01]} Qe6
{[%clk 00:08:06]} {[%emt 00:00:46]} 20. Qd4 {[%clk 00:10:03]} {[%emt 00:00:45]}
Rfe8 {[%clk 00:07:28]} {[%emt 00:00:44]} 21. f4 {[%clk 00:09:50]} {[%emt
00:00:18]} Qg4 {[%clk 00:05:55]} {[%emt 00:01:38]} 22. Qd3 {[%clk 00:09:40]}
{[%emt 00:00:15]} h5 {[%clk 00:04:50]} {[%emt 00:01:10]} 23. Qf3 {[%clk
00:09:10]} {[%emt 00:00:35]} Qxf3+ {[%clk 00:04:19]} {[%emt 00:00:36]} 24. Kxf3
{[%clk 00:09:14]} {[%emt 00:00:02]} Rad8 {[%clk 00:04:01]} {[%emt 00:00:23]} 25.
Rad1 {[%clk 00:09:15]} {[%emt 00:00:04]} Rxd5 {[%clk 00:03:51]} {[%emt
00:00:15]} 26. Rxd5 {[%clk 00:09:18]} {[%emt 00:00:02]} Re7 {[%clk 00:03:53]}
{[%emt 00:00:02]} 27. Rd8+ {[%clk 00:08:37]} {[%emt 00:00:46]} Kh7 {[%clk
00:03:56]} {[%emt 00:00:02]} 28. Ke4 {[%clk 00:08:39]} {[%emt 00:00:04]} g6
{[%clk 00:03:10]} {[%emt 00:00:50]} 29. Kd5 {[%clk 00:08:18]} {[%emt 00:00:25]}
Kg7 {[%clk 00:02:57]} {[%emt 00:00:19]} 30. Kc6 {[%clk 00:08:02]} {[%emt
00:00:21]} g5 {[%clk 00:01:28]} {[%emt 00:01:34]} 31. Rd7 {[%clk 00:07:04]}
{[%emt 00:01:03]} Re6+ {[%clk 00:00:47]} {[%emt 00:00:45]} 32. Kd5 {[%clk
00:06:26]} {[%emt 00:00:43]} gxf4 33. gxf4 {[%clk 00:06:30]} Rg6 {[%clk
00:00:32]} {[%emt 00:00:17]} 34. Rxc7 {[%clk 00:06:10]} {[%emt 00:00:25]} Rg2
{[%clk 00:00:22]} {[%emt 00:00:14]} 35. e6 {[%clk 00:06:03]} {[%emt 00:00:11]}
Rxe2 {[%clk 00:00:21]} {[%emt 00:00:07]} 36. Rxf7+ {[%clk 00:06:04]} {[%emt
00:00:05]} Kg8 {[%clk 00:00:20]} {[%emt 00:00:05]} 37. Rxa7 {[%clk 00:05:58]}
{[%emt 00:00:11]} Rxh2 {[%clk 00:00:15]} {[%emt 00:00:11]} 38. f5 {[%clk
00:05:44]} {[%emt 00:00:19]} Rf2 {[%clk 00:00:10]} {[%emt 00:00:09]} 39. Ke5
{[%clk 00:05:24]} {[%emt 00:00:25]} h4 {[%clk 00:00:12]} {[%emt 00:00:04]} 40.
Kf6 {[%clk 00:05:09]} {[%emt 00:00:19]} h3 {[%clk 00:00:09]} {[%emt 00:00:08]}
41. e7 {[%clk 00:05:08]} {[%emt 00:00:06]} Re2 {[%clk 00:00:12]} {[%emt
00:00:03]} 42. Ra8+ {[%clk 00:05:05]} {[%emt 00:00:07]} Kh7 {[%clk 00:00:15]}
{[%emt 00:00:02]} 43. e8=Q {[%clk 00:05:02]} {[%emt 00:00:08]} 1-0

[Event "Elite Hotels Open 2025"]
[Site "Elite Stadshotellet, Växjö, Sweden"]
[Date "2025.02.07"]
[Round "2.6"]
[White "Svensson, Leif 1940"]
[Black "Arman, Deniz"]
[Result "0-1"]
[TimeControl "R1-4: 15 min + 5 sek, R5-8: 90 min + 30 sek"]
[BlackTitle "FM"]
[WhiteElo "1982"]
[BlackElo "2350"]

1. d4 {[%clk 00:15:07]} {[%emt 00:00:02]} d6 {[%clk 00:15:08]} {[%emt
00:00:03]} 2. e4 {[%clk 00:15:10]} {[%emt 00:00:02]} Nf6 {[%clk 00:15:05]}
{[%emt 00:00:08]} 3. Nc3 {[%clk 00:15:13]} {[%emt 00:00:02]} e5 {[%clk
00:15:08]} {[%emt 00:00:02]} 4. Nf3 {[%clk 00:15:09]} {[%emt 00:00:08]} exd4
{[%clk 00:15:10]} {[%emt 00:00:04]} 5. Nxd4 {[%clk 00:15:11]} {[%emt 00:00:03]}
Be7 {[%clk 00:15:13]} {[%emt 00:00:02]} 6. Bd3 {[%clk 00:14:22]} {[%emt
00:00:54]} O-O {[%clk 00:15:00]} {[%emt 00:00:19]} 7. O-O {[%clk 00:13:11]}
{[%emt 00:01:15]} c6 {[%clk 00:11:56]} {[%emt 00:03:09]} 8. h3 {[%clk
00:11:39]} {[%emt 00:01:37]} Re8 {[%clk 00:09:47]} {[%emt 00:02:14]} 9. Nf3
{[%clk 00:11:19]} {[%emt 00:00:25]} Nbd7 {[%clk 00:09:12]} {[%emt 00:00:40]} 10.
Bf4 {[%clk 00:10:49]} {[%emt 00:00:36]} b5 {[%clk 00:08:01]} {[%emt 00:01:16]}
11. a3 {[%clk 00:10:49]} {[%emt 00:00:04]} Qc7 {[%clk 00:07:04]} {[%emt
00:01:02]} 12. Re1 {[%clk 00:10:42]} {[%emt 00:00:13]} Bf8 {[%clk 00:06:46]}
{[%emt 00:00:22]} 13. Qd2 {[%clk 00:10:09]} {[%emt 00:00:38]} Bb7 {[%clk
00:06:07]} {[%emt 00:00:44]} 14. Rad1 {[%clk 00:09:40]} {[%emt 00:00:35]} Rad8
{[%clk 00:05:32]} {[%emt 00:00:39]} 15. b4 {[%clk 00:08:53]} {[%emt 00:00:52]}
h6 {[%clk 00:05:12]} {[%emt 00:00:26]} 16. Nd4 {[%clk 00:08:10]} {[%emt
00:00:48]} Ne5 {[%clk 00:04:43]} {[%emt 00:00:33]} 17. Nf5 {[%clk 00:08:12]}
{[%emt 00:00:03]} Bc8 {[%clk 00:04:15]} {[%emt 00:00:33]} 18. Ne3 {[%clk
00:06:16]} {[%emt 00:02:01]} a6 {[%clk 00:03:13]} {[%emt 00:01:07]} 19. Bh2
{[%clk 00:04:28]} {[%emt 00:01:53]} Ng6 {[%clk 00:02:32]} {[%emt 00:00:46]} 20.
Nf5 {[%clk 00:04:17]} {[%emt 00:00:16]} Qb6 {[%clk 00:02:18]} {[%emt 00:00:19]}
21. Bf1 {[%clk 00:04:06]} {[%emt 00:00:16]} d5 {[%clk 00:02:02]} {[%emt
00:00:21]} 22. Qd4 {[%clk 00:02:51]} {[%emt 00:01:20]} c5 {[%clk 00:02:06]}
{[%emt 00:00:03]} 23. bxc5 {[%clk 00:01:55]} {[%emt 00:01:01]} Bxc5 {[%clk
00:02:09]} {[%emt 00:00:01]} 24. Qd2 {[%clk 00:01:15]} {[%emt 00:00:45]} dxe4
{[%clk 00:02:09]} {[%emt 00:00:05]} 25. Qe2 {[%clk 00:01:04]} {[%emt 00:00:15]}
Bxf5 {[%emt 00:00:06]} 0-1

[Event "Elite Hotels Open 2025"]
[Site "Elite Stadshotellet, Växjö, Sweden"]
[Date "2025.02.07"]
[Round "2.7"]
[White "Hald Falkesgaard, Jeppe"]
[Black "Preman, Nathan"]
[Result "1-0"]
[TimeControl "R1-4: 15 min + 5 sek, R5-8: 90 min + 30 sek"]
[WhiteTitle "FM"]
[WhiteElo "2347"]
[BlackElo "1985"]

1. c4 {[%clk 00:15:09]} e6 {[%clk 00:15:09]} {[%emt 00:00:02]} 2. g3 {[%clk
00:15:12]} {[%emt 00:00:01]} d5 {[%clk 00:15:12]} {[%emt 00:00:02]} 3. Bg2
{[%clk 00:15:16]} {[%emt 00:00:01]} Nf6 {[%clk 00:15:12]} {[%emt 00:00:05]} 4.
Nf3 {[%clk 00:15:19]} {[%emt 00:00:02]} Be7 {[%clk 00:14:58]} {[%emt 00:00:18]}
5. O-O {[%clk 00:15:21]} {[%emt 00:00:03]} O-O {[%clk 00:14:53]} {[%emt
00:00:11]} 6. b3 {[%clk 00:15:25]} {[%emt 00:00:02]} b6 {[%clk 00:14:18]}
{[%emt 00:00:40]} 7. Bb2 {[%clk 00:15:16]} {[%emt 00:00:12]} Bb7 {[%clk
00:14:18]} {[%emt 00:00:06]} 8. d4 {[%clk 00:15:18]} {[%emt 00:00:03]} Na6
{[%clk 00:14:16]} {[%emt 00:00:07]} 9. Ne5 {[%clk 00:14:54]} {[%emt 00:00:29]}
c5 {[%clk 00:14:12]} {[%emt 00:00:10]} 10. Nc3 {[%clk 00:14:50]} {[%emt
00:00:09]} Bd6 {[%clk 00:12:12]} {[%emt 00:02:05]} 11. e3 {[%clk 00:14:33]}
{[%emt 00:00:21]} Bxe5 {[%clk 00:11:12]} {[%emt 00:01:05]} 12. dxe5 {[%clk
00:14:36]} {[%emt 00:00:02]} Ne4 {[%clk 00:11:15]} 13. Nxe4 {[%clk 00:12:55]}
{[%emt 00:01:47]} dxe4 {[%clk 00:11:19]} 14. Qb1 {[%clk 00:12:46]} {[%emt
00:00:15]} Qc7 {[%clk 00:09:36]} {[%emt 00:01:48]} 15. Bxe4 {[%clk 00:12:44]}
{[%emt 00:00:07]} Bxe4 {[%clk 00:09:38]} {[%emt 00:00:02]} 16. Qxe4 {[%clk
00:12:47]} {[%emt 00:00:02]} Nb4 {[%clk 00:09:40]} {[%emt 00:00:04]} 17. Bc3
{[%clk 00:12:14]} {[%emt 00:00:37]} Nc6 {[%clk 00:09:35]} {[%emt 00:00:10]} 18.
Kg2 {[%clk 00:11:49]} {[%emt 00:00:31]} Ne7 {[%clk 00:08:38]} {[%emt 00:01:01]}
19. h4 {[%clk 00:11:42]} {[%emt 00:00:12]} Qc6 {[%clk 00:08:27]} {[%emt
00:00:16]} 20. Qxc6 {[%clk 00:11:33]} {[%emt 00:00:15]} Nxc6 {[%clk 00:08:30]}
21. Rfd1 {[%clk 00:11:27]} {[%emt 00:00:11]} Rfd8 {[%clk 00:08:28]} {[%emt
00:00:08]} 22. Rd6 {[%clk 00:11:29]} {[%emt 00:00:02]} Rxd6 {[%clk 00:07:34]}
{[%emt 00:00:59]} 23. exd6 {[%clk 00:11:32]} {[%emt 00:00:02]} f6 {[%clk
00:07:37]} {[%emt 00:00:02]} 24. g4 {[%clk 00:10:27]} {[%emt 00:01:10]} Rd8
{[%clk 00:07:36]} {[%emt 00:00:06]} 25. Rd1 {[%clk 00:10:31]} Kf7 {[%clk
00:07:07]} {[%emt 00:00:34]} 26. Kf3 {[%clk 00:10:13]} {[%emt 00:00:23]} e5
{[%clk 00:07:08]} {[%emt 00:00:04]} 27. Ke4 {[%clk 00:07:10]} {[%emt 00:03:08]}
Ke6 {[%clk 00:07:02]} {[%emt 00:00:11]} 28. f4 {[%clk 00:07:13]} {[%emt
00:00:02]} exf4 {[%clk 00:05:49]} {[%emt 00:01:19]} 29. exf4 {[%clk 00:06:57]}
{[%emt 00:00:21]} Rxd6 {[%clk 00:05:37]} {[%emt 00:00:16]} 30. Rxd6+ {[%clk
00:05:05]} {[%emt 00:01:57]} Kxd6 {[%clk 00:05:41]} {[%emt 00:00:02]} 31. h5
{[%clk 00:05:00]} {[%emt 00:00:09]} Ke6 {[%clk 00:01:21]} {[%emt 00:04:26]} 32.
f5+ {[%clk 00:04:50]} {[%emt 00:00:14]} Ke7 {[%clk 00:01:16]} {[%emt 00:00:11]}
33. Kd5 {[%clk 00:04:47]} {[%emt 00:00:08]} Nd8 {[%clk 00:01:11]} {[%emt
00:00:10]} 34. b4 {[%clk 00:02:46]} {[%emt 00:02:06]} Nb7 {[%clk 00:00:09]}
{[%emt 00:01:07]} 35. bxc5 {[%clk 00:02:43]} {[%emt 00:00:08]} bxc5 {[%clk
00:00:12]} {[%emt 00:00:02]} 36. Bd2 {[%clk 00:01:57]} {[%emt 00:00:50]} Kf7
{[%clk 00:00:07]} {[%emt 00:00:11]} 37. Be3 {[%clk 00:01:52]} {[%emt 00:00:10]}
g6 {[%clk 00:00:10]} {[%emt 00:00:02]} 38. Kc6 {[%clk 00:01:15]} {[%emt
00:00:41]} Nd8+ {[%clk 00:00:07]} {[%emt 00:00:08]} 39. Kc7 {[%clk 00:00:50]}
{[%emt 00:00:30]} Ke8 {[%clk 00:00:06]} {[%emt 00:00:06]} 40. Bxc5 {[%clk
00:00:39]} {[%emt 00:00:16]} gxf5 {[%clk 00:00:09]} {[%emt 00:00:03]} 41. gxf5
{[%clk 00:00:42]} Nf7 {[%clk 00:00:07]} {[%emt 00:00:07]} 42. Bxa7 {[%clk
00:00:38]} {[%emt 00:00:10]} Nh6 {[%clk 00:00:11]} 43. a4 {[%clk 00:00:25]}
{[%emt 00:00:17]} Nxf5 {[%clk 00:00:14]} {[%emt 00:00:02]} 44. Bc5 {[%clk
00:00:29]} Ng7 {[%clk 00:00:09]} {[%emt 00:00:11]} 45. a5 {[%clk 00:00:20]}
{[%emt 00:00:14]} Ne6+ {[%clk 00:00:09]} {[%emt 00:00:04]} 46. Kd6 {[%clk
00:00:24]} {[%emt 00:00:02]} Nxc5 {[%clk 00:00:08]} {[%emt 00:00:06]} 47. Kxc5
{[%clk 00:00:27]} Kd7 {[%clk 00:00:12]} {[%emt 00:00:02]} 48. a6 {[%clk
00:00:19]} {[%emt 00:00:13]} Kc7 {[%clk 00:00:13]} {[%emt 00:00:03]} 49. Kd5
{[%clk 00:00:20]} {[%emt 00:00:05]} f5 {[%clk 00:00:07]} {[%emt 00:00:10]} 50.
Ke5 {[%clk 00:00:18]} {[%emt 00:00:07]} f4 {[%clk 00:00:10]} {[%emt 00:00:02]}
51. Kxf4 {[%clk 00:00:22]} Kb6 {[%clk 00:00:15]} {[%emt 00:00:02]} 52. Kg5
{[%clk 00:00:25]} Kxa6 {[%clk 00:00:19]} 53. Kh6 {[%clk 00:00:29]} Kb6 {[%clk
00:00:22]} {[%emt 00:00:02]} 54. Kxh7 {[%clk 00:00:32]} {[%emt 00:00:02]} Kc5
{[%clk 00:00:23]} {[%emt 00:00:04]} 55. Kg6 {[%clk 00:00:35]} {[%emt 00:00:01]}
Kxc4 {[%clk 00:00:20]} {[%emt 00:00:09]} 56. h6 {[%clk 00:00:38]} 1-0